ARRUPE JESUIT UNIVERSITY

CORONAVIRUS -STOP THE SPREAD - CLEAN,DISINFECT,COVER

The anvil of civilization. (Record no. 126157)

MARC details
000 -LEADER
fixed length control field 00681cam a22002411 4500
001 - CONTROL NUMBER
control field 2165378
003 - CONTROL NUMBER IDENTIFIER
control field ARRUPE
005 - DATE AND TIME OF LATEST TRANSACTION
control field 20170217103548.0
008 - FIXED-LENGTH DATA ELEMENTS--GENERAL INFORMATION
fixed length control field 730522s1957 nyua 000 0 eng
010 ## - LIBRARY OF CONGRESS CONTROL NUMBER
LC control number 57010111
040 ## - CATALOGING SOURCE
Original cataloging agency DLC
Transcribing agency DLC
Modifying agency DLC
050 00 - LIBRARY OF CONGRESS CALL NUMBER
Classification number CB311.C85
082 00 - DEWEY DECIMAL CLASSIFICATION NUMBER
Classification number 901
300 ## - PHYSICAL DESCRIPTION
Other physical details illus.
Dimensions 18 cm.
100 1# - MAIN ENTRY--PERSONAL NAME
Personal name Cottrell, Leonard.
9 (RLIN) 28901
245 14 - TITLE STATEMENT
Title The anvil of civilization.
260 ## - PUBLICATION, DISTRIBUTION, ETC. (IMPRINT)
Place of publication, distribution, etc [New York]
Name of publisher, distributor, etc New American Library
Date of publication, distribution, etc [1957]
300 ## - PHYSICAL DESCRIPTION
Extent 256 p.
490 0# - SERIES STATEMENT
Series statement Mentor: Ancient civilizations
500 ## - GENERAL NOTE
General note Mentor books, MD197.
650 #0 - SUBJECT ADDED ENTRY--TOPICAL TERM
Topical term or geographic name as entry element Civilization, Ancient.
9 (RLIN) 28896
906 ## - LOCAL DATA ELEMENT F, LDF (RLIN)
a 7
b cbc
c orignew
d u
e ocip
f 19
g y-gencatlg
942 ## - ADDED ENTRY ELEMENTS (KOHA)
Source of classification or shelving scheme Library of Congress Classification
Koha item type Monograph ( Printed materials)
Holdings
Withdrawn status Lost status Source of classification or shelving scheme Damaged status Not for loan Collection code Home library Current library Shelving location Date acquired Total Checkouts Full call number Barcode Date last seen Date checked out Price effective from Koha item type
    Library of Congress Classification     Main Collection ARRUPE LIBRARY ARRUPE LIBRARY Main Collection 17/02/2017 2 CB311.C85 46500024577 04/03/2019 22/02/2019 17/02/2017 Monograph ( Printed materials)

 

Arrupe Library. PO Box MP320 Mt Pleasant, Harare, Zimbabwe
263 242 745411|librarian@aju.ac.zw